|
|
|
|
| LEADER |
00752nam a2200205Ia 4500 |
| 008 |
240829s9999 xx 000 0 und d |
| 040 |
|
|
|a BIBLIOTECA-RUPAP Ref 378.104 Z36
|
| 041 |
|
|
|a spa
|
| 082 |
|
|
|a Ref 378.104 Z36
|
| 100 |
1 |
|
|a Zardini, Pablo J.
|
| 245 |
1 |
0 |
|a Propuesta para el establecimiento de un programa permanente de movilidad académica Centroamericana
|
| 260 |
|
|
|a Guatemala
|b F & G Editores
|c 2009
|
| 300 |
|
|
|a 83 p. :il.
|
| 650 |
7 |
|
|a COOPERACION INTERUNIVERSITARIA
|
| 650 |
7 |
|
|b EDUCACION INTERNACIONAL - COOPERACION INTELECTUAL
|
| 650 |
7 |
|
|c MOVILIDAD DE ESTUDIANTES UNIVERSITARIOS
|
| 650 |
7 |
|
|d MOVILIDAD ACADÉMICA - INTEGRACION CENTROAMERICANA. I. Theiler, Julio, coaut. II. Tít.
|
| 942 |
|
|
|c BK
|2 ddc
|
| 991 |
|
|
|a TEXTO
|
| 999 |
|
|
|c 9278
|